01206nam a2200289 a 4500001001000000005001700010008004100027040001300068041001100081050002100092100004200113245026400155260002900419300003200448500008600480500003100566504002800597546003600625650003400661650004400695650002000739700002800759700003300787700003200820700001900852740004500871BRCA_130720190320203352.0940323s1989 mx-a---##b---#000-0#spa-# aDLCcDLC aengspa 4aND253b.G37 19891 aGarcía Sáiz, María Concepción10aLas castas mexicanasbun género pictórico americano = The Castes : A Genre of Mexican PaintingcMaría Concepción García Sáiz ; prólogos de Diego Angula Iñiguez, Roberto Moreno de los Arcos, Miguel Angel Fernández; traducción Julia Escobar. a[Italia]bOlivettic1989 a253 p.bil. a colorc31 cm. aCatálogo de la exposición realizada en el Museo de Monterrey (México), 1989 aIncluye tabla taxonómica aBibliografía : p. 253 aTexto en : inglés y español14aPintura mexicanavCatálogos14aPintura colonialvCatálogoszMéxico14aRazaszMéxico1 aAngulo Iñiguez, Diego1 aMoreno de los Arcos, Roberto1 aFernández, Miguel Ángel1 aEscobar, Julia0 aThe Castes : A Genre of Mexican Painting